| 000 | 00000nam##2200000za#4500 |
| 001 | 9.568407 |
| 003 | CaOODSP |
| 005 | 20210624181245 |
| 007 | cr ||||||||||| |
| 008 | 150406|2004||||xxc|||||o f|0| 0 eng|d |
| 022 | |a1707-4495 |
| 040 | |aCaOODSP|beng |
| 043 | |an-cn--- |
| 086 | 1 |aFs76-2/2004-007E-PDF |
| 110 | 1 |aCanada. |bDepartment of Fisheries and Oceans. |bNewfoundland and Labrador Region. |
| 245 | 10|a2003 state of the ocean : |h[electronic resource]|bchemical and biological oceanographic conditions in the Newfoundland region |
| 260 | |aSt. John's - Newfoundland and Labrador : |bFisheries and Oceans Canada. |cMarch 2005. |
| 300 | |a7p.|bcoloured figs., references |
| 490 | 1 |aEcosystem status report|x1707-4495|v2004/007 |
| 590 | |a10-11-Supp|b2010-11-10 |
| 775 | 08|tÉtat de l'océan en 2003 : |w(CaOODSP)9.599696 |
| 830 | #0|aEcosystem status report,|x1707-4495|v2004/007|w(CaOODSP)9.506227 |
| 856 | 40|ahttp://publications.gc.ca|qPDF|s538 KB|uhttps://publications.gc.ca/collections/collection_2010/mpo-dfo/Fs76-2-2004-007-eng.pdf|y2004/007 |